Hume y la causalidad : problemas y soluciones (Registro nro. 316872)
[ vista simple ]
| 000 -ENCABEZADO | |
|---|---|
| Número de control [NR] | 01005 a2200253 4500 |
| 005 - FECHA Y HORA DE LA ÚLTIMA TRANSACCIÓN | |
| control field | 20200306143252.0 |
| 008 - DE LONGITUD FIJA DE DATOS DE ELEMENTOS - INFORMACIÓN GENERAL | |
| Elementos de longitud fija [NR] | 191212s2019 ck ||||| |||| 00| 0 spa d |
| 020 ## - NUMERO INTERNACIONAL NORMALIZADO PARA LIBROS [R] | |
| Número Internacional Normalizado del libro [NR] | 9789587843293 |
| 040 ## - FUENTE DE CATALOGACION [NR] | |
| Agencia de catalogación original [NR] | CO-BoUCM |
| Idioma de catalogación [NR] | spa |
| Quien Cataloga | Deissy Garcia (modificó) |
| Quien Clasifica | Deissy Garcia (modificó) |
| 041 0# - CODIGO DE IDIOMA [R] | |
| Código de idioma para texto/pista de sonido o título separado [R] | Español |
| 100 10 - ASIENTO PRINCIPAL--NOMBRE PERSONAL [NR] | |
| Nombre personal [NR] | Narváez Cano, Jerónimo |
| ID Autoridad | 99564 |
| 245 ## - MENCION DE TITULO [NR] | |
| Título [NR] | Hume y la causalidad : problemas y soluciones |
| Mención de responsabilidad, etc. [NR] | Jerónimo Narváez Cano |
| 260 ## - PUBLICACION, DISTRIBUCION, ETC. (PIE DE IMPRENTA) [R] | |
| Lugar de publicación, distribución, etc. [R] | Bogotá |
| Nombre del editor, distribuidor, etc. [R] | Universidad del Rosario |
| Fecha de publicación, distribución, etc. [R] | 2019 |
| 300 ## - DESCRIPCION FISICA [R] | |
| Extensión [R] | xxii, 178 páginas |
| 490 0# - MENCION DE SERIE [R] | |
| Mención de serie [R] | Ciencias Humanas |
| 504 ## - NOTA DE BIBLIOGRAFIA, ETC. [R] | |
| Nota de bibliografía, etc. [NR] | Incluye referencias bibliográficas |
| 600 10 - ASIENTO SECUNDARIO DE MATERIA - NOMBRE PERSONAL [R] | |
| Nombre personal [NR] | Hume, David |
| Fechas asociadas con el nombre [NR] | 1711-1776 |
| Subdivisión general [R] | Crítica e interpretación |
| 9 (RLIN) | 72626 |
| 650 #7 - ASIENTO SECUNDARIO DE MATERIA - TERMINO TEMATICO [R] | |
| 9 (RLIN) | 15835 |
| Término temático o nombre geográfico como elemento de entrada [NR] | Filosofía moderna |
| 650 #7 - ASIENTO SECUNDARIO DE MATERIA - TERMINO TEMATICO [R] | |
| 9 (RLIN) | 15810 |
| Término temático o nombre geográfico como elemento de entrada [NR] | Filosofía escocesa |
| 650 #7 - ASIENTO SECUNDARIO DE MATERIA - TERMINO TEMATICO [R] | |
| 9 (RLIN) | 10618 |
| Término temático o nombre geográfico como elemento de entrada [NR] | Causalidad |
| 856 ## - LOCALIZACION Y ACCESO ELECTRONICOS [R] | |
| Identificador Uniforme del Recurso (“URI”) [R] | <a href="https://editorial.urosario.edu.co/gpd-hume-y-la-causalidad-problemas-y-soluciones.html">https://editorial.urosario.edu.co/gpd-hume-y-la-causalidad-problemas-y-soluciones.html</a> |
| Nota dirigida al público [R] | Ver información del libro |
| 942 ## - ELEMENTOS DE ENTRADA AGREGADOS (KOHA) | |
| Tipo de ítem principal el descrito en 300a | Edición Rosarista |
| Sistema de clasificación | DEWEY |
| Tema principal | Filosofía |
| Edición | 1 |
| Clasificación | 192 |
| Parte restante de la signatura top. | N238h |
| Total préstamos | Signatura topográfica | Código de barras | Última vez visto | Ejemplar | Costo de reposición | Price effective from | Tipo de ítem | Perdido | Sistema de clasificación | Dañado | No prestable | Tipo de ítem específico | Suprimido | Ubicación habitual | Ubicación actual | Localización | Fecha de creación | Proveedor | Forma de adquisición | Costo |
|---|---|---|---|---|---|---|---|---|---|---|---|---|---|---|---|---|---|---|---|---|
| 192 N238h | 100165509 | 05/12/2025 | Ej.4 | 18900.00 | 02/12/2019 | Libro | DEWEY | Libro | Claustro | Claustro | 2do piso | 02/12/2019 | 45 | Compra | 18900.00 | |||||
| 192 N238h | 100165507 | 05/12/2025 | Ej.2 | 18900.00 | 02/12/2019 | Libro | DEWEY | Libro | Claustro | Claustro | 2do piso | 02/12/2019 | 45 | Compra | 18900.00 | |||||
| 192 N238h | 100165506 | 05/12/2025 | Ej.1 | 18900.00 | 02/12/2019 | Edición Rosarista | DEWEY | Libro Edición Rosarista | Claustro | Claustro | 4to piso | 02/12/2019 | 45 | Compra | 18900.00 | |||||
| 192 N238h | 100165508 | 05/12/2025 | Ej.3 | 18900.00 | 02/12/2019 | Libro | DEWEY | Libro | Claustro | Claustro | 2do piso | 02/12/2019 | 45 | Compra | 18900.00 | |||||
| 192 N238h | 100165839 | 05/12/2025 | Ej.5 | 17013.35 | 19/02/2020 | Libro | DEWEY | Libro | Claustro | Claustro | 2do piso | 19/02/2020 | 45 | Compra | 17013.35 | |||||
| 192 N238h | 100165840 | 05/12/2025 | Ej.6 | 17013.35 | 19/02/2020 | Libro | DEWEY | Libro | Claustro | Claustro | 2do piso | 19/02/2020 | 45 | Compra | 17013.35 | |||||
| 192 N238h | 100165842 | 05/12/2025 | Ej.8 | 17013.35 | 19/02/2020 | Libro | DEWEY | Libro | Claustro | Claustro | 2do piso | 19/02/2020 | 45 | Compra | 17013.35 | |||||
| 192 N238h | 100165841 | 05/12/2025 | Ej.7 | 17013.35 | 19/02/2020 | Libro | DEWEY | Libro | Claustro | Claustro | 2do piso | 19/02/2020 | 45 | Compra | 17013.35 |